| 000 | 00490nam a2200145 a 4500 | ||
|---|---|---|---|
| 001 | 000040630 | ||
| 005 | 20201002034249.0 | ||
| 008 | 130904s2010 sp 000 0 spa d | ||
| 020 | _a9788498165388 | ||
| 040 |
_aDO-SdBNP _bspa _cBNPHU |
||
| 100 | 1 |
_aBernavente de Motolinia, Toribio _966980 |
|
| 245 | 0 |
_aHistoria de los Indios de la nueva EspaƱa / _ctoribio Bernavente de Motolinia,. |
|
| 260 |
_aBarcelona : _bRed Ediciones,Red Ediciones,Red Ediciones, _c2010. |
||
| 300 |
_a530 p. ; _c22 cm. |
||
| 999 |
_c40120 _d40120 |
||